Guess the country by the president(Or the Prime Minister) - Statistics

General Stats
  • This quiz has been taken 25 times
  • The average score is 15 of 31
Answer Stats
Picture Answer % Correct
Russia
100%
USA
100%
China
96%
North Korea
96%
UK
96%
Canada
91%
France
91%
India
87%
Turkey
78%
Syria
74%
Ukraine
70%
Germany
61%
Venezuela
61%
Belarus
57%
Hungary
57%
Brazil
43%
Egypt
35%
Azerbaijan
30%
Vietnam
30%
Indonesia
26%
Serbia
26%
Italy
22%
Poland
22%
Tajikistan
22%
Cuba
17%
Mongolia
17%
Kyrgyzstan
13%
Mexico
13%
Armenia
9%
Libya
4%
Uzbekistan
4%
No matching quizzes found
Score Distribution
Percent of People with Each Score
Percentile by Number Answered
Your Score History
You have not taken this quiz